000 00359nam a2200157Ia 4500
003 OSt
005 20240513170527.0
008 170524s9999 xx 000 0 und d
020 _a978-0070139381
040 _ciimtu
100 _aOliver- Bernard M.
245 0 _aElectronic Measurements and Instrument
260 _bTMH
260 _c2010
942 _2ddc
_c02
999 _c5906
_d5906